| 000 | | | 05360cbm0a2200337#x 450 |
| 001 | | | 3c090078-507b-47e8-9a59-4bddd89886d4 |
| 005 | | | 20250430105037.0 |
| 100 | ## | $a | 20250429j19450507k###0rusy50 ca |
| 101 | 0# | $a | rus |
| 102 | ## | $a | RU |
| 122 | 0# | $a | d19450507## |
| 200 | 1# | $a | Приказ № 007/оп командующего 38-й армией 4-го Украинского фронта командиру 101-го стрелкового корпуса о быстром выдвижении в район г. Прага |
| | $j | 7 мая 1945 г. |
| 251 | ## | $c | Документ |
| 300 | ## | $a | Заверенная копия |
| 461 | #0 | $1 | 2001 |
| | $a | Ф. 993 |
| | $1 | 251 |
| | $c | Фонд |
| | $1 | 852 |
| | $j | 993 |
| 462 | #0 | $1 | 2001 |
| | $a | Оп. 1 |
| | $1 | 251 |
| | $c | Опись |
| | $1 | 852 |
| | $j | 1 |
| 462 | #0 | $1 | 2001 |
| | $a | Д. 128 |
| | $v | Л. 38-39 |
| | $1 | 251 |
| | $c | Дело |
| | $1 | 852 |
| | $j | 128 |
| 601 | 02 | $2 | prlib_sh |
| | $3 | LIBNET\UAF\0000057822 |
| | $a | Украинский фронт |
| | $c | 4; 1943 - 1945 |
| | $j | Документы и материалы |
| 605 | ## | $2 | prlib_sh |
| | $3 | LIBNET\UAF\0000088514 |
| | $a | Вторая мировая война в архивных документах (Комплекс оцифрованных архивных документов, кино- и фотоматериалов) |
| | $l | коллекция |
| 605 | ## | $2 | acquisition_Prlib |
| | $3 | DITM\AF\0000002775 |
| | $a | Власть |
| | $l | коллекция |
| 605 | ## | $2 | acquisition_Prlib |
| | $3 | DITM\AF\0000003834 |
| | $a | Народ |
| | $l | коллекция |
| 606 | 1# | $2 | nlr_sh |
| | $3 | RU\NLR\AUTH\661520861 |
| | $a | Великая Отечественная война |
| | $z | 1941 - 1945 |
| | $z | Третий период |
| | $z | 1944 - 1945 |
| | $j | Документы и материалы |
| 606 | 1# | $2 | nlr_sh |
| | $3 | RU\NLR\AUTH\66178943 |
| | $a | Пражская операция |
| | $z | 1945 |
| | $j | Документы и материалы |
| 617 | ## | $a | Чехословакия |
| | $f | 1945 |
| | $2 | prlib_sh |
| 686 | ## | $a | 63.3(2)622,13ю1 |
| | $2 | rubbk |
| | $v | LBC/M |
| 686 | ## | $a | 63.3(4Чея)62ю1 |
| | $2 | rubbk |
| | $v | LBC/M |
| 801 | #0 | $a | RU |
| | $b | ПБ им. Б.Н. Ельцина |
| | $c | 20250429 |
| 801 | #1 | $a | RU |
| | $b | ПБ им. Б.Н. Ельцина |
| | $c | 20250429 |
| | $2 | rusmarc |
| 801 | #2 | $a | RU |
| | $b | ПБ им. Б.Н. Ельцина |
| | $c | 20250430 |
| | $2 | rusmarc |
| 850 | ## | $a | Центральный архив Министерства обороны Российской Федерации |
| 852 | ## | $a | ЦА МО РФ |
| | $j | Л. 38-39 |
| 035 | ## | $a | LIBNET\0001470754 |
| 937 | ## | $d | 196712089 |
| | $h | Федеральное архивное агентство |
| 856 | 4# | $u | http://readingroom.main.prlib.ru/item.aspx?id_node=n196712089&mode=full |